[Event "New York Winter Invitational GM-A 2022"]
[Site "New York"]
[Date "2022.01.17"]
[Round "8.4"]
[White "Li, Eric"]
[Black "Liang, Jason"]
[Result "0-1"]
[WhiteElo "2341"]
[BlackElo "2410"]
[Annotator "TA"]
[PlyCount "122"]
[EventDate "2022.01.11"]
[EventType "tourn"]
[EventCountry "USA"]
[SourceTitle "playchess.com"]
[Source "ChessBase"]
[SourceQuality "1"]

{[%evp 9,122,36,29,30,32,19,18,15,22,20,22,11,22,23,14,13,19,4,18,0,17,0,24,4,27,0,14,0,20,0,21,18,31,19,43,19,34,10,14,-6,0,-55,-64,-58,-43,-65,-72,-109,-47,-78,0,-10,-7,-11,0,0,0,0,0,-19,-19,-22,-29,-16,-17,-38,-40,-59,-61,-61,-61,-62,-77,-78,-75,-74,-8,-15,0,-6,-8,-77,-77,-77,-77,-77,-78,-77,0,-2412,-1525,-29964,-29965,-29963,-29966,-29958,-29966,-29964,-29965,-12835,-5193,-29983,-29984,-29984,-29985,-29986,-29987,-29987,-29988,-29996,-29997,-29997,-29998,-29998,-29999]} 1. d4 d5 2. c4 e6 3. Nf3 a6 4. Bg5 Be7 5. Bxe7 Qxe7 6. Nbd2 {D30: Queen's Gambit Declined: Systems without Nc3.} Nf6 7. g3 b6 8. Bg2 {The position is equal.} Bb7 9. O-O Nbd7 10. cxd5 exd5 11. Rc1 c5 12. dxc5 bxc5 13. Qb3 Rb8 14. Qa3 O-O 15. e3 {[#]} Rfe8 $146 ({Predecessor:} 15... Rfd8 16. Rc2 g6 17. Rfc1 Ne4 18. Ne1 Nd6 19. Qa4 c4 20. Qa5 Ne5 21. Ndf3 Nc6 {1-0 (51) Lamard,G (2483)-Plazuelo Pascual,J (2463) Linares 2021}) 16. Rfd1 h5 17. h3 (17. Ng5 {looks sharper.} Ng4 18. h4 Qf6 19. Ndf3 Qb6 20. Qc3) 17... Rbc8 18. b3 Rc6 19. Qb2 a5 20. Nb1 Rcc8 21. Nc3 Bc6 22. Nh4 {[%cal Rc3d5]} Nb6 23. Rd2 a4 24. Rdc2 Rb8 {[%cal Ob6c4]} 25. Ne2 (25. Rd1 $11) 25... axb3 $15 26. axb3 Nbd7 $1 {[%cal Oc6a4]} 27. Qa3 {Inhibits Ba4.} Ne4 {[%cal Oe4f2] And now ...Nxf2! would win.} 28. Nc3 Qe6 (28... Qf6 $17) 29. Nf3 {[#]} Ndf6 (29... Nxg3 $1 $17 {[%cal Od5d4] ...d4! is the strong threat.} 30. fxg3 Qxe3+ 31. Kh2 d4) 30. Na4 Bxa4 31. bxa4 c4 32. Nd4 Qd7 33. a5 Ra8 34. Ra1 Ra6 35. Qb4 $1 Rea8 36. Rca2 Qc7 37. Qe1 Nc5 38. Nb5 Qe5 39. Qc3 Qb8 40. Nd4 Nfe4 {Pair of Knights!} 41. Qc2 Qc7 {[%cal Ra6a5]} 42. Nb5 {[#]} Qd8 {Black is much more active.} (42... Qe5 $1 $17) 43. Nc3 $11 {[%cal Rc3e4]} Rxa5 44. Rxa5 Rxa5 45. Rxa5 (45. Rd1 $1 $11 {remains equal.} Nxc3 46. Qxc3) 45... Qxa5 $17 46. Bxe4 dxe4 47. Nxe4 Nxe4 48. Qxe4 $11 {[%mdl 4096] Endgame KQ-KQ} c3 ({Black should play} 48... Qc7 $17 49. Qc2 c3) 49. Kf1 $2 {[%mdl 8192]} (49. Qc4 $11) 49... Qa6+ 50. Kg2 Qc8 51. Qc2 {[#]} Qb7+ $1 52. Kh2 Qb2 53. Qf5 g6 54. Qf6 Qd2 (54... Qb3 $142 55. Qd8+ Kh7) 55. g4 c2 {Black mates.} 56. gxh5 c1=Q 57. h6 Qc7+ 58. Kg2 Qd5+ 59. Kg1 Qc1+ 60. Kh2 Qch1+ 61. Kg3 Qhg2+ {Weighted Error Value: White=0.49/Black=0.33} 0-1

[Event "New York Winter Invitational GM-A 2022"]
[Site "New York"]
[Date "2022.01.17"]
[Round "8.5"]
[White "Schitco, Ivan"]
[Black "Shlyakhtenko, Robert"]
[Result "1-0"]
[WhiteElo "2486"]
[BlackElo "2383"]
[Annotator "TA"]
[PlyCount "119"]
[EventDate "2022.01.11"]
[EventType "tourn"]
[EventCountry "USA"]
[SourceTitle "playchess.com"]
[Source "ChessBase"]
[SourceQuality "1"]

{[%evp 9,119,85,102,82,138,91,111,113,133,90,87,52,110,80,83,42,103,47,79,44,54,10,51,61,58,50,60,-250,-250,-445,-415,-1061,-1055,-1022,-1039,-968,-410,-316,-131,-293,-301,-283,-278,-276,-287,-293,-285,-314,-256,-274,-259,-250,-71,-71,-71,-71,-71,-71,0,0,56,56,56,56,56,56,54,52,96,102,95,109,106,86,93,77,73,76,235,229,662,600,522,433,999,0,576,8,70,70,70,70,245,70,72,72,3002,2234,29979,29975,29975,29976,29975,29975,29975,29976,29977,29978,29981,29982,29982,29982]} 1. d4 d5 2. Nf3 c5 3. dxc5 Nc6 4. a3 a5 5. Nc3 Nf6 6. Bg5 {D02: 1 d4 d5 2 Nf3 sidelines, including 2...Nf6 3 g3 and 2...Nf6 3 Bf4.} d4 (6... e6 $142) 7. Bxf6 (7. Na4 $142) 7... gxf6 8. Na4 {[#] White is better.} Bg4 $146 ({Predecessor:} 8... e5 9. e3 Bg4 10. h3 Bh5 11. g4 Bg6 12. exd4 e4 13. Bb5 exf3 14. O-O Qc7 {0-1 (30) Weiss,M (1941)-Truempelmann,J (1926) Mittelfranken 2008}) 9. h3 (9. Qd3 $142) 9... Bf5 $16 10. g3 Qc7 (10... e5 $14) 11. Bg2 (11. Nxd4 $6 Rd8 12. c3 (12. Nxf5 $2 Rxd1+ 13. Rxd1 Qe5 $19) 12... Be4 $11) 11... Rd8 12. Rb1 (12. Nh4 $16 Bd7 13. Rb1) 12... Bh6 (12... Be4 $14) 13. Kf1 (13. O-O $16) 13... O-O 14. Nh4 (14. b4 $5 {[%cal Rb4b5]}) 14... Be6 15. Be4 (15. Nb6 $14) 15... Kh8 (15... Ne5 $11 {is superior.}) 16. b4 $1 $14 axb4 17. axb4 Rg8 18. Nf5 $2 {[%mdl 8192]} (18. Nb6 $14 {stays ahead.}) 18... Be3 $1 $19 19. Rg1 $2 (19. fxe3 $2 Bxf5 20. Qe1 Bxe4 $19) (19. Qe1 Qe5 20. Bxc6 Bxf5 21. Bf3 (21. Bxb7 $2 Bxc2 22. Nb2 Bxf2 $19)) 19... Rg5 $1 20. Nh4 (20. fxe3 Bxf5 21. Bxf5 Rxf5+ 22. Kg2 dxe3 $19) (20. Nxe3 dxe3 21. Qc1 Bxh3+ 22. Ke1 exf2+ 23. Kxf2 Ne5) (20. h4 $142 Rxf5 21. Bxf5 Bxf5 22. Rb3 (22. fxe3 $2 dxe3 23. Qc1 Qe5 $19)) 20... Bxh3+ 21. Ke1 {[#]} Qf4 $1 {[%csl Ge3][%cal Rf4f2][%mdl 512]} 22. Nf3 {[#]} Qxe4 (22... Bxf2+ $142 $1 {[%mdl 512]} 23. Kxf2 Qe3+ 24. Ke1 Ne5) 23. Qd3 Rg4 (23... Qxd3 24. cxd3 Bg4 25. Nxg5 Bxg5 26. b5 $17) (23... Qg4 $19 {has better winning chances.} 24. fxe3 Ne5 25. Nxe5 Rxe5) 24. fxe3 (24. Rh1 $17 {keeps fighting.} Bg2 25. Rh2 Qxd3 26. cxd3 Bxf3 27. exf3) 24... dxe3 (24... Qxe3 25. Qxe3 dxe3 26. c3 $17) 25. Qxe4 Rxe4 26. c3 Ra8 $1 27. Nb6 Ra2 28. b5 Na5 (28... Ne5 $2 29. Nxe5 Rxe5 30. Nc4 Rxc5 31. Nxe3 $19) 29. Rh1 Bg4 {[%cal Oa5b3] Hoping for ...Nb3!} 30. Rh4 Nb3 $2 31. Rxg4 $17 Rxg4 32. c6 {[#]} bxc6 33. bxc6 {[#]} Nd2 (33... Rxg3 34. c7 Rg8 35. c8=Q Rxc8 36. Nxc8 $16) (33... Ra7 $1 $17 {And now ...Na5 would win.} 34. c7 Rxc7 $1 35. Rxb3 Ra7) 34. c7 $11 Nxf3+ (34... Rg8 $2 35. Nxd2 Rxd2 36. c8=Q Rxc8 37. Nxc8 $18) ({Black should try} 34... Nxb1 $11 35. c8=Q+ Rg8) 35. exf3 $14 {[%cal Be2f3,Bf3g4,Bg4f5,Bf5f6][%mdl 32]} Rxg3 {[%cal Rg3g1]} 36. c8=Q+ {[%mdl 4096] Endgame} Kg7 {[%cal Rg3g1] [#]} 37. Qg4+ $1 Rxg4 38. fxg4 {KRN-KR} f5 (38... e6 $14) 39. gxf5 $16 Kf6 40. Rb5 $1 Kg5 41. Nd5 {[%csl LRe3,LRe7]} h5 42. f6 (42. Nxe7 h4 43. f6+ Kf4 44. Nd5+ Kf3 45. Nxe3 (45. Rb1 h3 46. Kd1 e2+ 47. Ke1 h2) 45... Kxe3 $17) 42... e5 43. Rb7 Kf5 $2 (43... Kg6 $16) 44. c4 $18 (44. Rxf7 Ke6 45. Rf8 Kxd5 $11) (44. Nxe3+ Kxf6 45. Kf1 Kg6 $14) 44... Ra1+ $2 (44... Kg6 45. Rb8 (45. Nxe3 h4 $16) 45... Ra1+ 46. Ke2 Rc1 47. Rg8+ Kf5) 45. Ke2 Ke4 46. Nc3+ Kd4 {[#]} (46... Kf5 $142 47. Rxf7 Ra8 48. Kxe3 Kg6) 47. Nb5+ $2 ({White has to play} 47. Rxf7 $1 $18 {[%cal Of7a7] Strongly threatening Ra7!} Kxc3 (47... Ra8 48. Nb5+) 48. Rd7 Kxc4 49. f7) 47... Kxc4 $2 {[%mdl 8192] [#]} (47... Ke4 $1 $11 48. Nc3+ (48. Rxf7 Ra2+ 49. Kd1 Ra1+ 50. Kc2 Ra2+ 51. Kd1 Ra1+ 52. Ke2 Ra2+ 53. Kd1 $11) (48. Nd6+ Kf4 $11) 48... Kd4 49. Rxf7 Kxc3) 48. Kxe3 $2 ({And not} 48. Nd6+ Kd5 $11) (48. Rxf7 $1 $18 {Ra7 is the strong threat.} Kxb5 49. Rf8) 48... Rf1 ({Black should play} 48... h4 $1 $11 49. Rxf7 (49. Nd6+ Kd5 $11) 49... h3) 49. Nd6+ $14 Kd5 50. Ne8 Ke6 $2 {[#]} (50... h4 $14) 51. Re7+ $2 (51. Ke2 $1 $18 Rf4 52. Ng7+ Kd6 53. Nxh5) 51... Kf5 52. Rxf7 Kg6 $2 {[%mdl 8192]} (52... h4 $16) 53. Rg7+ $18 Kf5 54. Nd6+ {White mates.} Ke6 55. Ne4 Re1+ 56. Kd3 Rd1+ 57. Ke2 Rd8 58. Re7+ Kf5 {[#]} 59. f7 $1 Rf8 {[#]} 60. Re8 $1 {Never resign too early!  Weighted Error Value: White=0.65/Black=0.65} 1-0

[Event "New York Winter Invitational GM-A 2022"]
[Site "New York"]
[Date "2022.01.17"]
[Round "9.1"]
[White "Shlyakhtenko, Robert"]
[Black "Nagy, Gabor"]
[Result "1/2-1/2"]
[WhiteElo "2383"]
[BlackElo "2527"]
[Annotator "TA"]
[PlyCount "37"]
[EventDate "2022.01.11"]
[EventType "tourn"]
[EventCountry "USA"]
[SourceTitle "playchess.com"]
[Source "ChessBase"]
[SourceQuality "1"]

{[%evp 13,15,14,15,0]} 1. d4 Nf6 2. c4 e6 3. Nc3 d5 4. cxd5 exd5 5. Bg5 c6 6. e3 Bd6 7. Bd3 O-O 8. Nf3 {[#] Not much happened in this game. D36: Queen's Gambit Declined: Exchange Variation: Main line (5 Bg5 c6 6 Qc2).} {Predecessor:} Re8 $146 9. Qc2 h6 10. Bh4 Nbd7 11. O-O-O Nf8 12. Rhg1 Be7 13. Ne5 Ne4 14. Bxe7 Qxe7 15. Nxe4 dxe4 16. Bc4 Be6 17. g4 Bxc4 18. Nxc4 Ng6 19. Kb1 {0-1 (40) Oparin,G (2654)-Christiansen,J (2558) chess24.com INT 2019} 1/2-1/2

[Event "New York Winter Invitational GM-A 2022"]
[Site "New York"]
[Date "2022.01.18"]
[Round "9.2"]
[White "Liang, Jason"]
[Black "Schitco, Ivan"]
[Result "1/2-1/2"]
[WhiteElo "2410"]
[BlackElo "2486"]
[Annotator "TA"]
[PlyCount "93"]
[EventDate "2022.01.11"]
[EventType "tourn"]
[EventCountry "USA"]
[SourceTitle "playchess.com"]
[Source "ChessBase"]
[SourceQuality "1"]

{[%evp 16,93,27,24,37,-24,-9,-21,-14,-26,0,0,-2,0,0,0,0,-9,-25,-19,-15,-35,-41,-49,-5,-4,0,0,10,18,11,16,16,12,18,14,19,18,15,8,11,9,17,14,21,4,8,8,16,8,8,0,2,5,2,0,7,0,4,8,0,0,0,0,8,8,8,6,6,0,0,0,0,0,0,0,0,0,8,0]} 1. e4 c5 2. Nf3 d6 3. Bb5+ Bd7 4. Bxd7+ Nxd7 5. O-O Ngf6 6. Qe2 e6 7. d4 cxd4 8. Nxd4 Be7 {8...a6 might become the main line.} 9. c4 Qa5 {[#] B52: Sicilian: Moscow Variation with 3...Bd7.} 10. Bd2 $146 (10. Rd1 $14) ({Predecessor:} 10. Rd1 a6 11. b3 Qh5 12. Qxh5 Nxh5 13. Nc3 Rc8 14. Nde2 g5 15. f3 Rg8 16. h3 Nhf6 17. Kf2 h5 18. Be3 Ne5 19. Rac1 Nfd7 20. Ng3 Rh8 21. Ke2 f6 22. Nh1 Kf7 23. Nf2 Rc6 24. Nd3 {½-½ (24) Bacrot,E (2678)-Oparin,G (2654) Chalons en Champagne 2021}) 10... Qe5 $11 {[%csl LRd4,LRe4]} 11. Nb5 {[#] Hoping for Nc7+.} O-O (11... Qxb2 $2 12. Nc7+ Kd8 13. Nxa8 $18) 12. N1c3 Rfc8 (12... a6 $5 {[%cal Ra6b5]} 13. f4 Qh5 14. Qxh5 Nxh5 $11) 13. Rad1 a6 14. Na3 Rab8 15. f4 Qh5 16. Qxh5 Nxh5 17. Be3 {[%cal Oe4e5] To avoid Nb6} Nhf6 {[%cal Od6d5]} 18. Ba7 Ra8 19. Bd4 Kf8 (19... Bd8 $15) 20. h3 {The position is equal.} e5 21. Be3 exf4 22. Bxf4 Ne5 23. b3 b5 24. Nd5 Nxd5 25. Rxd5 {[%cal Oc4c5]} f6 26. Rfd1 bxc4 27. Bxe5 dxe5 28. Nxc4 {[#] And now Nb6 would win.} Ra7 29. Kf1 Kf7 30. Ra5 Rc6 31. Ke2 Ke6 32. Rdd5 h5 33. Rd3 Rac7 34. Rad5 Ra7 35. Rd2 Bb4 36. Rc2 Be7 37. Kd3 Rac7 38. g4 hxg4 39. hxg4 Rc5 40. Rxc5 Rxc5 41. Ne3 Rxc2 42. Kxc2 {KB-KN} g6 43. Kd3 Bc5 44. Nd5 Bd6 {Inhibits Nc7+.} 45. Ne3 Bc5 46. Nd5 {Threatens to win with Nc7+.} Bd6 {Inhibits Nc7+.} 47. Ne3 {Weighted Error Value: White=0.06 (flawless) /Black=0.04 (flawless)} 1/2-1/2

[Event "New York Winter Invitational GM-A 2022"]
[Site "New York"]
[Date "2022.01.18"]
[Round "9.3"]
[White "Theodorou, Nikolas"]
[Black "Li, Eric"]
[Result "1/2-1/2"]
[WhiteElo "2577"]
[BlackElo "2341"]
[Annotator "TA"]
[PlyCount "69"]
[EventDate "2022.01.11"]
[EventType "tourn"]
[EventCountry "USA"]
[SourceTitle "playchess.com"]
[Source "ChessBase"]
[SourceQuality "1"]

{[%evp 9,69,5,1,10,20,15,35,43,41,30,25,35,52,6,0,0,2,0,12,5,26,8,21,22,6,-10,0,0,15,18,11,-8,-6,-12,54,60,60,18,18,23,19,0,0,0,0,6,10,10,10,12,12,0,0,0,0,0,5,8,8,8,25,4]} 1. Nf3 d5 2. g3 Nf6 3. Bg2 c6 4. O-O Bf5 5. Nh4 Bg4 6. h3 {A07: Réti Opening: New York and Capablanca Systems.} Bc8 7. d3 g6 8. e4 {White is slightly better.} dxe4 9. dxe4 Qxd1 10. Rxd1 Bg7 11. e5 {[#]} (11. Nc3 $14) 11... Nd5 $146 ({Predecessor:} 11... Nfd7 12. f4 Nb6 13. Nc3 Be6 14. Ne4 O-O 15. b3 Na6 16. Ba3 Rfe8 17. c4 Nc7 {1-0 (73) Grischuk,A (2752)-Almasi,Z (2707) Beijing 2011}) 12. f4 O-O 13. Na3 f6 14. exf6 Bxf6 15. Nf3 Na6 16. Re1 Bf5 17. Ne5 Rad8 18. c3 Nc5 19. Nac4 Nb6 20. Nxb6 axb6 21. Be3 Be6 ({Better is} 21... Bxe5 $11 22. fxe5 Be6) 22. Bxc5 $14 bxc5 {[#]} 23. Nxc6 $1 bxc6 $11 (23... Rd2 24. Rxe6) 24. Rxe6 {Hoping for Rae1.} Rd2 25. Rxc6 {And now Rb6 would win.} Rb8 {Prevents Rb6.} 26. Rb1 Bxc3 $1 27. Kh1 Rbxb2 28. Rxb2 Rxb2 29. Rxc5 {[%mdl 4096] Endgame KRB-KRB} Be1 30. g4 Bg3 31. Bd5+ Kg7 32. Rc7 Bxf4 33. Rxe7+ Kf6 34. Rxh7 Ke5 35. Bf3 {Weighted Error Value: White=0.07 (flawless) /Black=0.08 (flawless)} 1/2-1/2

[Event "New York Winter Invitational GM-A 2022"]
[Site "New York"]
[Date "2022.01.17"]
[Round "9.4"]
[White "Khamrakulov, Djurabek"]
[Black "Daggupati, Balaji"]
[Result "1/2-1/2"]
[WhiteElo "2515"]
[BlackElo "2442"]
[Annotator "TA"]
[PlyCount "34"]
[EventDate "2022.01.11"]
[EventType "tourn"]
[EventCountry "USA"]
[SourceTitle "playchess.com"]
[Source "ChessBase"]
[SourceQuality "1"]

{[%evp 15,16,-6,1]} 1. e4 e5 2. Nf3 Nc6 3. d4 exd4 4. Nxd4 Nf6 5. Nc3 Bb4 6. Nxc6 bxc6 7. Bd3 d5 8. exd5 cxd5 {[#]} {Predecessor:} 9. O-O $146 {C47: Scotch Four Knights and Four Knights with 4 g3.} O-O 10. h3 Re8 11. Qf3 c6 12. Bg5 h6 13. Bf4 a5 14. Rad1 Ba6 15. Bxa6 Rxa6 16. Ne2 Ne4 17. Nd4 Qf6 {½-½ (36) Dubov,D (2714)-Aronian,L (2782) Chess.com INT 2021} 1/2-1/2

[Event "New York Winter Invitational GM-A 2022"]
[Site "New York"]
[Date "2022.01.18"]
[Round "9.5"]
[White "Rozman, Levy"]
[Black "Wang, Kevin"]
[Result "0-1"]
[WhiteElo "2346"]
[BlackElo "2387"]
[Annotator "TA"]
[PlyCount "74"]
[EventDate "2022.01.11"]
[EventType "tourn"]
[EventCountry "USA"]
[SourceTitle "playchess.com"]
[Source "ChessBase"]
[SourceQuality "1"]

{[%evp 12,74,0,0,7,-5,0,0,0,0,0,-12,-25,-21,0,0,0,-46,-38,-47,-10,-8,-8,-35,0,-34,-31,-43,-33,-66,-34,-74,-74,-108,-111,-115,-100,-111,-100,-137,-140,-160,-108,-135,-147,-145,-131,-143,-129,-143,-121,-145,-148,-158,-141,-262,-156,-437,-430,-631,-572,-1133,-581,-2436,-1880]} 1. d4 d5 2. c4 e6 3. Nf3 Nf6 {[%cal Bg8f6,Bf6e4,Be4c3][%mdl 32]} 4. Nc3 Bb4 5. Qa4+ Nc6 6. a3 Bxc3+ 7. bxc3 Ne4 {D38: Queen's Gambit Declined: Ragozin Defence (4 Nf3 Bb4).} 8. e3 {8.Bf4 is a critical line.} Nxc3 9. Qc2 Ne4 {The position is equal.} 10. Bd3 Nd6 11. cxd5 exd5 {[#]} 12. O-O $146 ({Predecessor:} 12. Ne5 Ne7 13. a4 Bf5 14. Bxf5 Nexf5 15. Ba3 c6 16. O-O O-O 17. a5 a6 18. Rfb1 {0-1 (37) Bayarmaa,B (2124)-Lei,T (2505) Chess.com INT 2021}) 12... h6 13. Ne5 Ne7 14. Rb1 (14. a4 $11) 14... O-O $15 15. a4 Bf5 (15... f6 $5 {[%cal Rf6e5]} 16. Nf3 Bf5 $15) 16. Ba3 Bxd3 17. Qxd3 (17. Nxd3 $5 {[%cal Ra3d6]} b6 18. Bxd6 Qxd6 19. Rfc1 $11) 17... Rb8 18. Qc3 Re8 19. Rfc1 c6 20. Rc2 f6 21. Nd3 Nc4 22. Bc5 b6 23. Bxe7 Qxe7 24. Nb4 Rbc8 25. Re1 a5 26. Nd3 {[#]} b5 ({Black should try} 26... Qa3 $1 27. Qxa3 Nxa3) 27. Ra2 b4 28. Qb3 f5 29. Rc2 Qf6 {[%cal Of5f4]} 30. Rcc1 Re7 {Black is more active.} 31. Re2 g5 32. g3 {Inhibits f4.} Rce8 {[%cal Of5f4]} 33. Rec2 {[#]} (33. Rxc4 $17 dxc4 34. Qxc4+ Qe6 35. Qxe6+ Rxe6 36. Rc2) 33... f4 (33... Nxe3 $1 $19 {[%mdl 512]} 34. Rxc6 (34. fxe3 $2 Rxe3 35. Qb2 Rxd3 $19) 34... Qxd4) 34. exf4 $2 {Loses the game.} (34. Rxc4 $17 {might work better.} dxc4 35. Qxc4+ Kh7 36. gxf4) 34... Qxd4 $19 {Hoping for ...Re2. Black is clearly winning.} 35. fxg5 (35. Ne5 $142 gxf4 36. Nf3) 35... hxg5 36. Rd1 Re2 {[%cal Oe8e3] aiming for ...R8e3!} 37. Rcc1 Rf8 {Weighted Error Value: White=0.67/Black=0.29 (precise)} 0-1